Catálogo
 En Linea

El hombre está solo / (Registro nro. 14834)

Detalles MARC
000 -CABECERA
campo de control de longitud fija 00769cam a2200229 a 4500
001 - NÚMERO DE CONTROL
campo de control 000015268
005 - FECHA Y HORA DE LA ÚLTIMA TRANSACCIÓN
campo de control 20250225110539.0
008 - DATOS DE LONGITUD FIJA--INFORMACIÓN GENERAL
campo de control de longitud fija 830808s1942 ag 000 0 spa d
040 ## - FUENTE DE LA CATALOGACIÓN
Centro catalogador/agencia de origen DO-SdBNP
Lengua de catalogación spa
Centro/agencia transcriptor LC
Centro/agencia modificador BNPHU
041 17 - CÓDIGO DE LENGUA
Código de lengua del texto/banda sonora o título independiente spa
Código de lengua original eng
Fuente del código Código de idioma MARC
082 ## - NÚMERO DE LA CLASIFICACIÓN DECIMAL DEWEY
Número de clasificación 570
Número de documento/Ítem H986h
049 ## - FONDOS LOCALES (OCLC)
Fondos de biblioteca BNGR
100 1# - ENTRADA PRINCIPAL--NOMBRE DE PERSONA
Nombre de persona Huxley, Julian,
Fechas asociadas al nombre 1887-1975.
9 (RLIN) 34543
240 #0 - TÍTULO UNIFORME
Título uniforme Man stands alone.
Lenguaje de la obra Español
245 13 - MENCIÓN DE TÍTULO
Título El hombre está solo /
Mención de responsabilidad, etc. Julian Huxley ; traducción C. A. Jordana.
260 ## - PUBLICACIÓN, DISTRIBUCIÓN, ETC.
Lugar de publicación, distribución, etc. Buenos Aires :
Nombre del editor, distribuidor, etc. Sudamericana,
Fecha de publicación, distribución, etc. [1942].
300 ## - DESCRIPCIÓN FÍSICA
Extensión 322 p. ;
Dimensiones 21 cm.
534 ## - NOTA SOBRE LA VERSIÓN ORIGINAL
Encabezamiento principal del original Título del original inglés :
Mención de título del original Man stands alone
650 #0 - PUNTO DE ACCESO ADICIONAL DE MATERIA--TÉRMINO DE MATERIA
Término de materia o nombre geográfico como elemento de entrada Biología
9 (RLIN) 27259
700 1# - PUNTO DE ACCESO ADICIONAL--NOMBRE DE PERSONA
Nombre de persona Jordana, Cesar-August,
Fechas asociadas al nombre 1893-1960,
Término indicativo de función/relación tr.
9 (RLIN) 34544
910 ## - DATOS DE OPCIÓN DEL USUARIO (OCLC)
Datos de opción del usuario Catalogación por copia / LC
Existencias
Estado de retiro Estado de pérdida Restricciones de uso No para préstamo Código de colección Localización permanente Ubicación/localización actual Ubicación en estantería Fecha de adquisición Número de inventario Total de préstamos Signatura topográfica completa Código de barras Fecha visto por última vez Precio válido a partir de Tipo de ítem Koha
        Monografías: Libros y Folletos General General En catalogación 03.02.2010 LF1   570 H986h 15268-10 25.06.2020 25.06.2020 Préstamo en sala

Con tecnología Koha